000
00255nam a2200109Ia 4500
008
190216s9999||||xx |||||||||||||| ||und||
100
_a
Robert Zaller
245
0
_a
Europe In Transition
260
_b
Harcourt Brace & Com
650
_a
History
942
_c
BK
999
_c
19535
_d
19535